| 000 | 01292nam a22003137a 4500 | ||
|---|---|---|---|
| 999 |
_c200435281 _d53493 |
||
| 001 | 200435281 | ||
| 003 | TR-AnTOB | ||
| 005 | 20230515144127.0 | ||
| 008 | 190311s2012 xxu 000 0 tur d | ||
| 040 |
_aTR-AnTOB _beng _erda _cTR-AnTOB |
||
| 041 | 0 |
_atuk _aeng _arus |
|
| 050 | 1 | _aDK939.D35 | |
| 090 |
_aDK939.D35 _b.W38 2012 |
||
| 245 | 0 | 0 |
_aWatan sebitleri berkarar döwletin̆ bagtyýarlyk döwründe : Da̧soguz Welaýaty = _bState regions of the epoch of might and happiness : Dashoguz Velayat = Regiony otchizny v zerkale epokhi mogushchestva i schastia : Dashoguzskii velaiat |
| 246 | 3 | 0 | _aDa̧soguz Welaýaty |
| 246 | 3 | 0 | _aWatan sebitleri berkarar döwletin bagtiyarlik döwründe |
| 246 | 3 | 0 | _aDasoguz Welayaty |
| 246 | 3 | 0 | _aState regions of the epoch of might and happiness |
| 246 | 3 | 0 | _aRegiony otchizny v zerkale epokhi mogushchestva i schastia |
| 264 | 1 |
_aAşgabat : _bTürkmen döwlet nesiŕyat gullugy, _c2012. |
|
| 300 |
_a238 pages : _bcolor illustrations, maps ; _c33 cm |
||
| 336 |
_2rdacontent _atext _btxt |
||
| 337 |
_2rdamedia _aunmediated _bn |
||
| 338 |
_2rdacarrier _avolume _bnc |
||
| 651 | 0 |
_aDashoguz velai︠a︡ty (Turkmenistan) _932991 |
|
| 651 | 0 |
_aMary velai︠a︡ty (Turkmenistan) _9124174 |
|
| 942 |
_2lcc _cBK |
||